000 00565nam a2200205Ia 4500
005 20250923150019.0
008 008 250917s9999 xx 000 0 eng d
037 _aTextual
040 _aDSWL
_beng
_cDSWL
041 _aeng
_2eng
084 _aY592.2, N98
_qDSWL
100 _aSharma, Anuradha
_9841300
245 0 _aCaste in India
_c by Anuradha Sharma
260 _aDelhi
_bIndian Publi. Distributors
_c1998
300 _av,320 p.
365 _aINR
_b475.00
925 _g475.00
942 _cTEXL
_hY592.2, N98
999 _c1458503
_d1458503